000 00424nam a22001577a 4500
003 OSt
005 20170105103444.0
008 120507t xxu||||| |||| 00| 0 eng d
020 _a 0340663170
040 _cASAB
100 _aTopley & Wilson
_9268
245 _aTopley & Wilson's Microbiology & Microbial Infections CUMULATIVE INDEX
300 _a341
650 _aMicrobiology & Microbial Infections
_9269
942 _2lcc
_cBK
999 _c16537
_d16537